| 000 | 00753cam a2200241 i 4500 | ||
|---|---|---|---|
| 001 | 51559 | ||
| 003 | BD-RjUL | ||
| 005 | 20211209075659.0 | ||
| 008 | 160831s1979 enka b 001 0 eng | ||
| 035 | _a(BD-RjUL)51679 | ||
| 040 |
_aDLC _cDLC _dDLC _beng |
||
| 041 | _aeng | ||
| 082 | 0 | 0 |
_a388.31 _223 _bKAR 1979 |
| 100 | 1 |
_aKallanparampil, Babu Varghese _9154112 |
|
| 245 | 1 | 0 |
_aRoad Transport Management : _bSystems and Procedures / _cBabu Varghese Kallanparampil and Suraj Prakash Manchanda |
| 260 |
_aLondon : _bHeinemann, _c1979 |
||
| 300 |
_axx, 120 p. : _bill. ; _c22 cm. |
||
| 500 | _aIncludes index. | ||
| 650 |
_aRoad Transportation _9154113 |
||
| 700 |
_aManchanda, Suraj Prakash _9156499 |
||
| 942 |
_2ddc _cBK |
||
| 999 |
_c51559 _d51559 |
||